| 000 | 00807cam a2200301 4500 | ||
|---|---|---|---|
| 008 | 090401t1993 xxu||||| |||| 00| 0 eng d | ||
| 020 | _a0070460000 | ||
| 035 | _a(Sirsi) u3859 | ||
| 041 | _aeng | ||
| 050 | _a333.730973 | ||
| 100 | _aNanney, Donald C. | ||
| 245 | _aEnvironmental risks in real estate transactions: a practical guide. | ||
| 250 | _a2nd ed. | ||
| 260 |
_aNew York _bMcGraw-Hill Inc. _c1993 |
||
| 300 | _axxi,519p. ; 23cm. | ||
| 350 | _a51.95 | ||
| 650 | _aCALIFORNIA | ||
| 650 | _aCONTAMINATED LAND | ||
| 650 | _aENVIRONMENTAL LAW | ||
| 650 | _aENVIRONMENTAL RISKS | ||
| 650 | _aHAZARDOUS WASTES | ||
| 650 | _aLIABILITY | ||
| 650 | _aPROPERTY MARKET | ||
| 650 | _aUNITED STATES | ||
| 690 | _aENVIRONMENTAL AND LAND CONSULTANCY | ||
| 942 | _n0 | ||
| 948 | _c04/03/1997 | ||
| 999 |
_c85950 _d85950 |
||